Les 100 plus grands guitaristes de l'histoire (rolling stone magazine) - Statistiques

Statistiques générales
  • Ce quiz a été pris 166 fois
  • Le résultat moyen est 11 sur 100
Statistiques - réponses
Position Réponse % Correct
1 Jimi Hendrix
87%
4 Eric Clapton
78%
9 Jimmy Page
71%
82 David Gilmour
50%
70 Eddie Van Halen
49%
96 Angus Young
47%
39 Brian May
47%
10 Keith Richards
47%
3 B. B. King
44%
12 Kurt Cobain
43%
21 George Harrison
41%
7 Stevie Ray Vaughan
33%
27 Mark Knopfler
32%
46 Les Paul
31%
6 Chuck Berry
30%
14 Jeff Beck
29%
18 John Frusciante
27%
15 Carlos Santana
26%
11 Kirk Hammett
26%
24 The Edge
22%
26 Tom Morello
19%
50 Pete Townshend
17%
55 Ritchie Blackmore
17%
86 Tony Iommi
16%
5 Robert Johnson
15%
45 Frank Zappa
13%
17 Jack White
13%
2 Duane Allman
12%
83 Neil Young
10%
30 Buddy Guy
8%
85 Randy Rhoads
8%
48 Joe Perry
7%
25 Freddie King
6%
42 Robert Fripp
6%
13 Jerry Garcia
5%
38 Peter Green
5%
91 Robby Krieger
5%
72 Joni Mitchell
4%
36 Steve Cropper
4%
88 Dave Davies
3%
43 Eddie Hazel
3%
87 Joan Jett
3%
40 John Fogerty
3%
16 Johnny Ramone
3%
60 Jonny Greenwood
3%
37 Bo Diddley
2%
81 Derek Trucks
2%
61 Ike Turner
2%
20 James Burton
2%
74 Johnny Winter
2%
52 Lou Reed
2%
8 Ry Cooder
2%
69 Steve Howe
2%
34 Thurston Moore
2%
23 Warren Haynes
2%
92 Wayne Kramer
2%
79 Cliff Gallup
1%
31 Dick Dale
1%
58 Dickey Betts
1%
84 Eddie Cochran
1%
59 Ed O'Brien
1%
32 John Cipollina
1%
49 John McLaughlin
1%
54 Jorma Kaukonen
1%
64 Mick Ronson
1%
22 Mike Bloomfield
1%
51 Paul Kossoff
1%
19 Richard Thompson
1%
78 Robbie Robertson
1%
44 Scotty Moore
1%
28 Stephen Stills
1%
47 T-Bone Walker
1%
75 Adam Jones
0%
76 Ali Farka Touré
0%
94 Bert Jansch
0%
41 Clarence White
0%
63 Danny Gatton
0%
89 D. Boon
0%
93 Fred « Sonic » Smith
0%
90 Glen Buxton
0%
99 Greg Ginn
0%
77 Henry Vestine
0%
65 Hubert Sumlin
0%
68 Jerry Miller
0%
35 John Fahey
0%
95 Kevin Shields
0%
100 Kim Thayil
0%
33 Lee Ranaldo
0%
98 Leigh Stephens
0%
71 Lightnin' Hopkins
0%
67 Link Wray
0%
53 Mickey Baker
0%
80 Robert Quine
0%
97 Robert Randolph
0%
29 Ron Asheton
0%
57 Roy Buchanan
0%
56 Tom Verlaine
0%
73 Trey Anastasio
0%
66 Vernon Reid
0%
62 Zoot Horn Rollo
0%
Aucun quiz correspondant
Distribution des résultats
% des personnes avec chaque résultat
Percentile par nombre de réponses
Votre historique - résultats
Vous n’avez pas pris ce quiz